| 000 | 00652cab a2200229 4500 | ||
|---|---|---|---|
| 001 | WB2534-02 | ||
| 008 | 090401t1989 xxu||||| |||| 00| 0 eng d | ||
| 035 | _a(Sirsi) u30071 | ||
| 041 | _aeng | ||
| 245 | _aBraving the storm | ||
| 260 | _c1989 | ||
| 350 | _a0 | ||
| 490 |
_aSunday Telegraph _v27/8/89 p22 |
||
| 520 | _aLooks at prospects for Britain`s housebuilders as rising interest rates and falling sales begin to take effect on company share prices. | ||
| 650 | _aHOUSE BUILDING | ||
| 650 | _aINVESTMENT | ||
| 650 | _aKENTISH PROPERTIES | ||
| 650 | _aPERFORMANCE | ||
| 690 | _aBUILT ENVIRONMENT | ||
| 942 | _n0 | ||
| 948 | _c04/03/1997 | ||
| 999 |
_c20244 _d20244 |
||